000 00565nam a22001697a 4500
999 _c165637
_d165637
005 20190625162240.0
010 _aENG-125759
020 _a9789352920822
_c100.00
035 _aEN-109291
037 _bDBAD/PUB
082 _a746.44
245 _aHand embroiderer :
_b(addawala) (job role) textbook for class IX
260 _aNew Delhi
_bNational Council of Educational Research and Training
_c2018
270 _aNCERT Campus, Sri Aurobindo Marg
_bNew Delhi
_e110016
_k011-26562708
300 _a102p.
_c26cm(pbk)
942 _2ddc
_cEN
_h746.44
_mHAN